Instalaciones automatizadas en viviendas y edificios /

Contenido: Introducción a la domótica; Corrientes portadoras; Sistema SimónVIS; Autómatas programables (PLC); Sistema de bus por datos; Soluciones.

Gardado en:
Detalles Bibliográficos
Autor Principal: Moreno Gil, José (autor)
Outros autores: Rodríguez Diéguez, Elías (autor) (autor), Lasso Tárraga, David (autor) (autor)
Formato: Libro
Idioma:Lingua castelá
Publicado: Madrid, España : Paraninfo, 2001, c2001
Series:(Electricidad-Electrónica. Equipos e Instalaciones Electrotécnicas)
Temas:
Etiquetas: Engadir etiqueta
Sen Etiquetas, Sexa o primeiro en etiquetar este rexistro!

MARC

LEADER 00000nam^a2200000^a^4500
001 000139065
005 20250521000000.0
009 20260310095450.497
020 |a 84-9732-024-7 
037 |a Acervo ITESO - Biblioteca 
041 |a ESP 
082 |a 629. 89  |b MOR 
100 |a Moreno Gil, José  |e (autor) 
245 1 0 |a Instalaciones automatizadas en viviendas y edificios /  |c J. Moreno Gil, E. Rodríguez Diéguez, D. Lasso Tárraga. 
264 4 |a Madrid, España :  |b Paraninfo,  |c 2001, c2001 
300 |a VII, 121 p. 
336 |a texto  |b txt  |2 rdacontenido 
337 |a sin mediación  |b n  |2 rdamedio 
338 |a volumen  |b nc  |2 rdasoporte 
440 1 |a (Electricidad-Electrónica.  |p Equipos e Instalaciones Electrotécnicas) 
520 |a Contenido: Introducción a la domótica; Corrientes portadoras; Sistema SimónVIS; Autómatas programables (PLC); Sistema de bus por datos; Soluciones. 
649 |a XX 
650 |a Instalaciones Eléctricas 
650 |a Control Automático 
650 |a Automatización 
650 |a Control de Procesos 
650 |a Edificios Inteligentes 
650 |a Ingeniería Computacional 
650 |a Ingeniería Electrónica 
700 |a Rodríguez Diéguez, Elías  |e (autor) 
700 |a Lasso Tárraga, David  |e (autor) 
910 |a Fondo General 
920 |a Impresos - Libros 
930 |a Colección General 
905 |a 101 
901 |a 0500067552  |b IT1  |c ACC  |u 20250521 
901 |a 0500107558  |b IT1  |c ACC  |u 20250521 
902 |a https://opac.biblio.iteso.mx/vufind/Record/000139065